000 01052nam a2200253 a 4500
001 52761
003 BD-RjUL
005 20211209075845.0
008 160926s1998 bg a|||| |||| 00| 0 ben d
020 _c: Tk. 150.00
035 _a(BD-RjUL)52881
040 _aBD-RjUL
_bben
_cBD-RjUL
041 _aben
082 _a632.3
_bSAF 1998
_223
100 _aসরকার, সন্তোষ কুমার
_9157778
245 1 0 _aফুল ও ফলের সমন্বিত বালাই ব্যবস্থাপনা /
_cসন্তোষ কুমার সরকার , এম. এনামুল হক
260 _aঢাকা :
_bবেলা রানী সরকার,
_c১৯৯৮
300 _a[৪], ৯২ পৃ. :
_bচিত্র ;
_c২২ সেমি.
504 _aগ্রন্থপঞ্জি সংযুক্ত
650 _aকৃষি কীট
_xরোগ
_9157779
650 _aAgricultural pests
_xDiseases
_9116941
700 _aহক, এম. এনামুল
_9157780
942 _2ddc
_cBK
999 _c52761
_d52761